|
|
|
|
| LEADER |
00000ny a22000003n 4500 |
| 005 |
20110623173435.0 |
| 008 |
100928s2010 sp s 000 0 spa|d |
| 035 |
|
|
|a 5020
|
| 040 |
|
|
|a BUS
|d vlex
|
| 080 |
|
|
|a 347.918(460)(083.2)
|
| 090 |
|
|
|c 1092
|d 1092
|
| 100 |
1 |
|
|a Vz̀quez Iruzubieta, Carlos
|
| 245 |
1 |
0 |
|a Formularios de arbitraje
|h [Recurso electrn̤ico]
|c Carlos Vz̀quez Iruzubieta
|
| 256 |
|
|
|a Servicio en ln̕ea
|
| 260 |
|
|
|a [Barcelona] :
|b VLex,
|c 2010
|
| 300 |
|
|
|a p. ;
|c cm
|
| 650 |
0 |
4 |
|a Arbitraje (Derecho)
|z Espaą
|x Formularios
|
| 740 |
0 |
|
|a vLex Libros (Servicios en ln̕ea)
|
| 856 |
4 |
0 |
|z Acceso restringido
|u http://vlex.com/source/5020
|
| 942 |
|
|
|c BOOK
|